| 000 | 02680nam a2200565 c 4500 | ||
|---|---|---|---|
| 003 | BLK | ||
| 005 | 20230715005251.0 | ||
| 008 | 180411b bul|||||r ||||||| ||bul|| | ||
| 010 | _aKNG00195227000 | ||
| 040 | _aBLK | ||
| 041 |
_aBUL _cBUL |
||
| 080 |
_aРуска литература _b821.161.1 _x(092) _z821.161.1(092) |
||
| 080 |
_aОбща история на философията _b101(091) _x(410)(092) _z101(091)(410)(092) |
||
| 080 |
_aБиографии _b929 _x(470+410) _z929(470+410) |
||
| 100 | 1 |
_aЛакшин, Владимир Яковлевич _eпърви автор _987381 |
|
| 700 | 1 |
_aБлажева, Мария _eпрев. от рус. _9380485 |
|
| 139 |
_aЛакшин, Владимир Яковлевич _bЛ 16 |
||
| 245 | 1 | 0 |
_aБиографията на книгата _bСтатии, изследвания, есета _cВладимир Яковлевич Лакшин; прев. от рус. Мария Блажева. |
| 257 | _aRUS | ||
| 260 |
_аВарна _bГеорги Бакалов _c1985 _fВарна : Стоян Добрев - Странджата |
||
| 300 |
_a374 с. _c21 см |
||
| 380 | _a82 | ||
| 490 | 1 | _aБиблиотека Книги за книгата | |
| 500 | _aОриг. загл. Биография книги / В. Я. Лакшин. - 3 424 тир. - Библиогр. под линия. | ||
| 600 | 1 | 4 |
_aБейкън, Франсис _9278429 |
| 600 | 0 |
_aПушкин, Александър Сергеевич _d1799-1837 _9364559 |
|
| 600 | 1 | 4 |
_aОстровски, Александър Николаевич _9378110 |
| 600 | 1 | 4 |
_aТолстой, Лев Николаевич _9367573 |
| 600 | 1 | 4 |
_aЧехов, Антон Павлович _9367913 |
| 600 | 1 | 4 |
_aБунин, Иван Алексеевич _9384378 |
| 650 | 4 |
_aПисатели, руски - творчество _9274413 |
|
| 650 | 4 |
_aКнига - история _9264419 |
|
| 650 | 4 |
_aРуска литература - история _9260976 |
|
| 650 | 4 |
_aФилософия, английска - преводи _9344060 |
|
| 651 | 4 |
_aРусия _9179465 |
|
| 651 | 4 |
_aВеликобритания _9178698 |
|
| 653 | _aруска литература | ||
| 653 | _aанглийска философия | ||
| 653 | _aистория на литературата | ||
| 653 | _aлитературно творчество | ||
| 653 | _aстатии | ||
| 653 | _aизследвания | ||
| 653 | _aесета | ||
| 852 | _aЦб 137727 | ||
| 856 | 4 |
_qpdf _u |
|
| 856 | 4 |
_qpdf _u |
|
| 942 |
_cKNG _n0 |
||
| 944 |
_aCR _c16.01.2018 _lCRON CRON _k |
||
| 944 |
_aED _c16.01.2018 _lф / _kЛюдмила_Стоянова |
||
| 999 |
_c186233 _d186233 |
||